000 00642nam a2200229Ia 4500
003 OSt
005 20220927105433.0
006 a|||||r|||| 00| 0
007 ta
008 220926b |||||||| |||| 00| 0 eng d
024 _a172756
037 _cReference Collections
040 _aRTL
_cRTL
_beng
041 _2eng
_aeng
082 _a"V2,32p. P07, P7.31-16"
245 0 _aLok sabha debates
_b Twelfth session.
260 _aNew
_bDelhi Lok sabha secretariat
_c2007
300 _a382p.
_ccm.
490 _aFourteenth series
942 _h"V2,32p. P07, P7.31-16"
_cCC
999 _c692564
_d692564